[Event "IECC M email"]
[Site "IECC email"]
[Date "2002.12.23"]
[Round "?"]
[White "Mathes, Christian"]
[Black "Costa, Nuno"]
[Result "1-0"]
[WhiteElo "1153"]
[BlackElo "1119"]
[PlyCount "53"]
[EventDate "2002.??.??"]
[EventType "tourn (corr)"]
[EventRounds "6"]
[SourceTitle "Corr 2008"]
[Source "ChessBase"]
[SourceDate "2008.06.24"]
[SourceVersion "1"]
[SourceVersionDate "2008.06.24"]
[SourceQuality "1"]

1. d4 d5 2. c4 e6 3. Nc3 Nf6 4. cxd5 exd5 5. Bg5 Be7 6. Nf3 Be6 7. e3 Nbd7 8. Bd3 0-0 9. 0-0 c5 10. dxc5 Nxc5 11. Nd4 Nfe4 12. Nxe6 fxe6 13. Bxe7 Qxe7 14. Nxe4 dxe4 15. Bc4 Rad8 16. Qg4 Qf6 17. b4 Nd3 18. Qxe4 Nxf2 19. Qxe6+ Kh8 20. Qxf6 Rxf6 21. Rxf2 Re8 22. Rxf6 gxf6 23. Rd1 Rxe3 24. Rd8+ Kg7 25. Rd7+ Kg6 26. Rxb7 Ra3 27. Bb3 1-0